| 000 | 00511nam a22001577a 4500 | ||
|---|---|---|---|
| 005 | 20250310195317.0 | ||
| 008 | 250310b |||||||| |||| 00| 0 eng d | ||
| 050 |
_aKF3409 _b.P77P67 1979 |
||
| 100 | _aGibbons, Muriel K. | ||
| 245 |
_aPortrait of a Process : Collective Negotiations in Public Employment _cGibbons, Muriel K. |
||
| 260 |
_aWashington ; _bLabor Relations Press. _cc1979 |
||
| 300 | _axvi, 463 p, ; | ||
| 500 | _aIncludes index and bibliography | ||
| 700 | _aHelsby, Robert K. | ||
| 942 |
_2lcc _cBK _n0 |
||
| 999 |
_c4668 _d4668 |
||